Mass Effect Characters - Statistics

General Stats
  • This quiz has been taken 664 times
  • The average score is 14 of 29
Answer Stats
Hint Answer % Correct
Player Shepard
97%
Rogue Turian Spectre Saren
74%
Oldest Reaper Harbinger
73%
Head of Clan Urdnot Wrex
70%
Tank Born Grunt
66%
AI Enhanced Defence Intelligence
61%
Biotic Psychopath Jack
61%
^Mother of Samara
60%
Head of Project Lazuras Miranda Lawson
59%
Former C-Sec Officer Garrus Vakarian
58%
Ardat-Yakshi Morinth
58%
Prothean Javik
56%
Drell Assassin Thane Krios
56%
Gunnery Chief Ashley Williams
53%
Project Lazuras Security Guard Jacob Taylor
49%
Master Thief Kasumi Goto
49%
Intelligence Broker Liara t'Soni
48%
Mass Effect Antagonist Sovereign
47%
Queen of Omega Aria T'Loak
45%
Bounty Hunter Zaeed Massani
42%
Human Male Kaidan Alenko
41%
Runs 1183 Programs Legion
39%
Geneticist Mordin Solus
37%
Shepard's former CO David Anderson
26%
Quarian Mechanic Tali'Zorah Nar Rayya
24%
Crazy Strange Guy Illusive Man
23%
Normandy Pilot Jeff "Joker" Moreau
21%
Head of Alliance Navy Steven Hackett
19%
Stationed on Fehl Prime James Vega
17%
No matching quizzes found
Score Distribution
Percent of People with Each Score
Percentile by Number Answered
Your Score History
You have not taken this quiz